000 00523nam a22001697a 4500
999 _c8649
_d8649
008 201209b ||||| |||| 00| 0 eng d
040 _aBMS College of Architecture
100 _a Sharad, Priyanka
245 _aFashion Node Bangalore
300 _a44p.
500 _a1BM12AT055
502 _8B,Arch
_NBMS College of Architecture, Visvesvaraya Technological University (VTU)
_aProject report
_d2016
650 _aBangalore
700 _aDakshayini R Patil
_eGuide
700 _aBindumadhava B N
_eGuide
942 _2ddc
_cTHE